Statistiques concernant Xavier Dolan

Cliquez ici pour prendre le quiz!

Statistiques générales

  • Ce quiz a été pris 41 fois
  • Le résultat moyen est 5 sur 9

Statistiques - réponses

HintRéponse% Correct
2014Mommy
83%
2009J'ai tué ma mère
74%
2016Juste la fin du monde
74%
2013Tom à la ferme
74%
2012Laurence Anyways
66%
2010Les amours imaginaires
63%
2019Matthias et Maxime
57%
2018Ma vie avec John F. Donovan
34%
2022The night Logan woke up
11%

Distribution des résultats

Percentile par nombre de réponses

% des personnes avec chaque résultat

Votre développement - résultats

Vous n’avez pas pris ce quiz